[Event "Tbilisi Gaprindashvili Cup"]
[Site "Tbilisi"]
[Date "2019.09.26"]
[Round "6"]
[White "Khukhashvili, Sopiko"]
[Black "Manukyan, Aleks"]
[Result "1-0"]
[WhiteElo "2341"]
[BlackElo "2002"]
[PlyCount "81"]
[EventDate "2019.09.21"]
[EventType "swiss"]
[EventRounds "9"]
[EventCountry "GEO"]
[SourceTitle "EXT 2020"]
[Source "ChessBase"]
[SourceDate "2019.10.17"]
[SourceVersion "1"]
[SourceVersionDate "2019.10.17"]
[SourceQuality "1"]

1. e4 e6 2. f4 d5 3. e5 c5 4. Nf3 Nc6 5. c3 Nh6 6. Na3 Bd7 7. Nc2 Qb6 8. Rb1 f6 9. g3 Be7 10. Bh3 fxe5 11. fxe5 0-0-0 12. d4 Rhg8 13. dxc5 Bxc5 14. b4 Rdf8 15. Bg5 Be7 16. Be3 Qc7 17. 0-0 Nf5 18. Bf2 g5 19. b5 Na5 20. Nfd4 Nxd4 21. cxd4 Kb8 22. Bg4 Nc4 23. Qd3 Rh8 24. Ne3 h5 25. Be2 Nxe3 26. Bxe3 h4 27. Rfc1 Qa5 28. Bd2 Qb6 29. a4 hxg3 30. hxg3 Rh6 31. a5 Qd8 32. b6 Rfh8 33. bxa7+ Ka8 34. Bf3 Rh2 35. Be1 g4 36. Bg2 Qf8 37. Bd2 Qe8 38. Qb3 Bc6 39. a6 Qd7 40. Rxc6 Qxc6 41. axb7+ 1-0

[Event "Tbilisi Gaprindashvili Cup"]
[Site "Tbilisi"]
[Date "2019.09.24"]
[Round "4"]
[White "Manukyan, Aleks"]
[Black "Shagbazyan, Taron"]
[Result "1/2-1/2"]
[WhiteElo "2002"]
[BlackElo "2412"]
[PlyCount "110"]
[EventDate "2019.09.21"]
[EventType "swiss"]
[EventRounds "9"]
[EventCountry "GEO"]
[SourceTitle "EXT 2020"]
[Source "ChessBase"]
[SourceDate "2019.10.17"]
[SourceVersion "1"]
[SourceVersionDate "2019.10.17"]
[SourceQuality "1"]

1. d4 Nf6 2. c4 e6 3. Nf3 d5 4. g3 Be7 5. Bg2 0-0 6. 0-0 dxc4 7. Ne5 Qd6 8. Nxc4 Qa6 9. Qc2 Nc6 10. Rd1 Rd8 11. e3 Nb4 12. Qb3 c5 13. Nc3 Bd7 14. Ne5 Be8 15. a3 Nbd5 16. Bf1 Qb6 17. Qxb6 axb6 18. Bd2 cxd4 19. exd4 Rdc8 20. Nxd5 Nxd5 21. Rac1 Rd8 22. Bc4 Kf8 23. h4 h6 24. Bb3 Ba4 25. Bxa4 Rxa4 26. Rc4 Rxc4 27. Nxc4 Bf6 28. Ne5 Bxe5 29. dxe5 Ne7 30. Kf1 Rd5 31. f4 Ke8 32. Ke2 h5 33. Be3 Rxd1 34. Kxd1 b5 35. Ke2 Kd7 36. Kd3 Kc6 37. Ke4 g6 38. Bf2 Nf5 39. b3 Ne7 40. Be1 Nd5 41. Bb4 Nc7 42. Kd4 Nd5 43. Ke4 Kd7 44. Kd4 b6 45. Ke4 Nc7 46. Kd4 Ne8 47. Bf8 Kc6 48. Ke4 Nc7 49. Bb4 Na6 50. Kd4 Kd7 51. Bd6 f5 52. b4 Kc6 53. Kc3 Kb7 54. Kd3 Kc6 55. Kd4 Kb7 1/2-1/2

[Event "Jermuk Asrian Memorial 12th"]
[Site "Jermuk"]
[Date "2019.06.11"]
[Round "1"]
[White "Martirosyan, Haik M"]
[Black "Manukyan, Aleks"]
[Result "1-0"]
[WhiteElo "2635"]
[BlackElo "1961"]
[PlyCount "109"]
[EventDate "2019.06.11"]
[EventType "swiss"]
[EventRounds "9"]
[EventCountry "ARM"]
[SourceTitle "CBM 191 Extra"]
[Source "ChessBase"]
[SourceDate "2019.09.30"]
[SourceVersion "1"]
[SourceVersionDate "2019.09.30"]
[SourceQuality "1"]

1. d4 Nf6 2. c4 c5 3. d5 e6 4. Nc3 exd5 5. cxd5 d6 6. Nf3 g6 7. Bf4 Bg7 8. h3 0-0 9. e3 a6 10. a4 Ne8 11. Be2 Nd7 12. 0-0 Qe7 13. a5 Ne5 14. Nd2 f5 15. Bh2 Nf6 16. Re1 Nfd7 17. Bf1 b5 18. axb6 Nxb6 19. Nb3 Bd7 20. Na5 Kh8 21. Nc6 Bxc6 22. dxc6 Qc7 23. Rxa6 Qxc6 24. Rxa8 Rxa8 25. Qc2 Nd5 26. Nxd5 Qxd5 27. Rd1 Qe6 28. Bg3 h6 29. e4 Rb8 30. Rd2 Qf6 31. Qd1 f4 32. Rxd6 Qf7 33. Bh2 g5 34. Rd2 Kh7 35. Kh1 Qb3 36. Qc1 c4 37. f3 Nd3 38. Bxd3 cxd3 39. Bg1 Qb5 40. Qc7 Rb7 41. Qd8 Rd7 42. Qe8 Qb7 43. Kh2 Qc7 44. Qe6 Qd6 45. Qf5+ Kg8 46. Qb5 Rd8 47. Bb6 Rd7 48. Bc5 Qc7 49. b4 Qd8 50. Bb6 Qe7 51. Bc5 Qd8 52. Qc4+ Kh8 53. b5 Be5 54. Qe6 Bc3 55. Bb6 1-0

[Event "Yerevan op 2nd"]
[Site "Yerevan"]
[Date "2017.09.27"]
[Round "9"]
[White "Manukyan, Aleks"]
[Black "Mkrtumyan, Robert"]
[Result "1-0"]
[WhiteElo "2003"]
[BlackElo "1642"]
[PlyCount "59"]
[EventDate "2017.09.19"]
[EventType "swiss"]
[EventRounds "9"]
[EventCountry "ARM"]
[SourceTitle "EXT 2018"]
[Source "ChessBase"]
[SourceDate "2017.10.13"]
[SourceVersion "1"]
[SourceVersionDate "2017.10.13"]
[SourceQuality "1"]

1. d4 Nf6 2. Nf3 g6 3. c4 Bg7 4. Nc3 d5 5. Bf4 0-0 6. e3 b6 7. Nxd5 Nxd5 8. cxd5 Qxd5 9. Bxc7 Na6 10. Bg3 Qa5+ 11. Qd2 Nb4 12. Rc1 Bf5 13. a3 Nc2+ 14. Kd1 Qa4 15. Rxc2 Qb3 16. Ne1 Bxc2+ 17. Qxc2 Qa2 18. Bc4 Qa1+ 19. Ke2 Rac8 20. Rf1 e6 21. Nd3 Qa2 22. Bxa2 Rxc2+ 23. Kd1 Rfc8 24. Bb3 R2c6 25. Kd2 Rd8 26. Ba4 Rcc8 27. Bb5 Rd5 28. Ba6 Rcd8 29. Rc1 Ra5 30. Nb4 1-0

[Event "Yerevan op 2nd"]
[Site "Yerevan"]
[Date "2017.09.24"]
[Round "6"]
[White "Gevorgyan, Anahit"]
[Black "Manukyan, Aleks"]
[Result "0-1"]
[WhiteElo "1723"]
[BlackElo "2003"]
[PlyCount "58"]
[EventDate "2017.09.19"]
[EventType "swiss"]
[EventRounds "9"]
[EventCountry "ARM"]
[SourceTitle "CBM 180 Extra"]
[Source "ChessBase"]
[SourceDate "2017.10.06"]
[SourceVersion "1"]
[SourceVersionDate "2017.10.06"]
[SourceQuality "1"]

1. e4 e6 2. f4 d5 3. e5 c5 4. Nf3 Nc6 5. g3 Be7 6. d3 b5 7. Be3 d4 8. Bf2 Bb7 9. Bg2 Nh6 10. h3 Nf5 11. 0-0 h5 12. Nbd2 Nb4 13. g4 Ne3 14. Bxe3 dxe3 15. Nb3 hxg4 16. hxg4 Nd5 17. Ne1 Bh4 18. Rf3 Bf2+ 19. Kf1 Qh4 20. Nxc5 Nxf4 21. Rxf4 Bxg2+ 22. Nxg2 Qh1+ 23. Ke2 Qxg2 24. Qf1 Qh2 25. Rxf2 exf2 26. d4 Qg3 27. Kd2 Qf4+ 28. Kc3 Qe3+ 29. Nd3 Rc8+ 0-1

[Event "Yerevan op 2nd"]
[Site "Yerevan"]
[Date "2017.09.22"]
[Round "4"]
[White "Manukyan, Aleks"]
[Black "Gevorgyan, David"]
[Result "1/2-1/2"]
[WhiteElo "2003"]
[BlackElo "2320"]
[PlyCount "152"]
[EventDate "2017.09.19"]
[EventType "swiss"]
[EventRounds "9"]
[EventCountry "ARM"]
[SourceTitle "CBM 180 Extra"]
[Source "ChessBase"]
[SourceDate "2017.10.06"]
[SourceVersion "1"]
[SourceVersionDate "2017.10.06"]
[SourceQuality "1"]

1. d4 Nf6 2. c4 g6 3. Nc3 Bg7 4. e4 d6 5. Nf3 0-0 6. Be2 Nbd7 7. 0-0 e5 8. Be3 h6 9. h3 exd4 10. Nxd4 Re8 11. f3 Nh5 12. Qe1 c6 13. Qf2 Qe7 14. Bd2 Qf6 15. Be3 Nf4 16. Qg3 g5 17. Qf2 Ne5 18. Rad1 Neg6 19. Kh2 Qe5 20. Kh1 Nh5 21. Rfe1 Ng3+ 22. Kg1 h5 23. Nc2 Nxe2+ 24. Rxe2 g4 25. Bd4 Qg5 26. Bxg7 Kxg7 27. Rxd6 Nf4 28. Red2 gxf3 29. Qxf3 Nxh3+ 30. Kh2 Bg4 31. Qe3 Qe5+ 32. Kh1 Nf4 33. Qd4 Ng6 34. Ne3 Qxd4 35. R6xd4 Ne5 36. Kh2 Be6 37. b3 Kg6 38. Rd6 Kg5 39. Ne2 h4 40. Nd4 Kf4 41. Ndc2 Ng6 42. R6d4 Ke5 43. Nf5 c5 44. Rd6 Nf4 45. Ne1 Kxe4 46. Nxh4 Ke5 47. g3 Nh5 48. R6d5+ Bxd5 49. Rxd5+ Kf6 50. Rf5+ Kg7 51. Rg5+ Kh6 52. Nef3 Ng7 53. Rxc5 Re2+ 54. Kh3 Ne6 55. Rb5 b6 56. a4 Rc8 57. Nf5+ Kh7 58. N5d4 Nxd4 59. Nxd4 Re4 60. Rd5 Rc7 61. Rd6 Rce7 62. Rd5 R4e5 63. Rd6 Re1 64. Nf5 R1e6 65. Rd5 Rc7 66. Nd4 Re3 67. Nb5 Rce7 68. b4 R3e4 69. Nd4 R7e5 70. Rd6 Rg5 71. Rd7 Kg7 72. Rd6 Re3 73. Kh4 Rexg3 74. Nf5+ Rxf5 75. Kxg3 Rf1 76. Rd7 Rc1 1/2-1/2

[Event "Yerevan op 2nd"]
[Site "Yerevan"]
[Date "2017.09.21"]
[Round "3"]
[White "Manukyan, Aleks"]
[Black "Demianjuk, Alexander"]
[Result "1-0"]
[WhiteElo "2003"]
[BlackElo "2330"]
[PlyCount "83"]
[EventDate "2017.09.19"]
[EventType "swiss"]
[EventRounds "9"]
[EventCountry "ARM"]
[SourceTitle "CBM 180 Extra"]
[Source "ChessBase"]
[SourceDate "2017.10.06"]
[SourceVersion "1"]
[SourceVersionDate "2017.10.06"]
[SourceQuality "1"]

1. d4 Nf6 2. c4 g6 3. Nc3 d5 4. cxd5 Nxd5 5. e4 Nxc3 6. bxc3 Bg7 7. Be3 c5 8. Rc1 Qa5 9. Qd2 0-0 10. Nf3 Nd7 11. Be2 Nf6 12. Bd3 b6 13. d5 Ng4 14. Bg5 e6 15. h3 Ne5 16. Nxe5 Bxe5 17. c4 Qa3 18. 0-0 Bd7 19. Kh1 exd5 20. exd5 f5 21. Rfe1 Rfe8 22. Re2 Qb4 23. Rb1 Qxd2 24. Bxd2 Bd4 25. Rbe1 Rxe2 26. Rxe2 Re8 27. Rxe8+ Bxe8 28. Kg1 a6 29. Kf1 b5 30. Ke2 Kf7 31. Be3 Bxe3 32. Kxe3 b4 33. f4 a5 34. Kd2 a4 35. Kc1 a3 36. Bc2 Kf6 37. h4 h6 38. g3 g5 39. hxg5+ hxg5 40. Bd3 gxf4 41. gxf4 Ke7 42. Kb1 1-0

[Event "Yerevan op 2nd"]
[Site "Yerevan"]
[Date "2017.09.19"]
[Round "1"]
[White "Manukyan, Aleks"]
[Black "Korneev, Oleg"]
[Result "0-1"]
[WhiteElo "2003"]
[BlackElo "2550"]
[PlyCount "136"]
[EventDate "2017.09.19"]
[EventType "swiss"]
[EventRounds "9"]
[EventCountry "ARM"]
[SourceTitle "CBM 180 Extra"]
[Source "ChessBase"]
[SourceDate "2017.10.06"]
[SourceVersion "1"]
[SourceVersionDate "2017.10.06"]
[SourceQuality "1"]

1. d4 d5 2. c4 c6 3. Nf3 Nf6 4. e3 Bg4 5. Qb3 Qb6 6. Ne5 Be6 7. c5 Qc7 8. Qc2 Nbd7 9. Nf3 Bg4 10. Be2 e5 11. h3 Bxf3 12. Bxf3 g6 13. Nc3 Bg7 14. Be2 0-0 15. 0-0 Rfe8 16. a3 Ne4 17. Rd1 Ndf6 18. Bf1 h5 19. Ne2 h4 20. b4 exd4 21. Nxd4 Nh7 22. Bb2 Nhg5 23. Rd3 a6 24. Re1 Re7 25. Be2 Nxf2 26. Kxf2 Qh2 27. Bf1 Nxh3+ 28. Ke2 Nf4+ 29. Kd1 Nxd3 30. Qxd3 Qg3 31. Bc3 Rae8 32. Bd2 Re4 33. Nc2 Kh7 34. Qe2 d4 35. Qf3 dxe3 36. Qxg3 hxg3 37. Rxe3 Rxe3 38. Bxe3 f5 39. Bf4 Be5 40. Bxe5 Rxe5 41. Bd3 f4 42. Be2 g5 43. Bf3 Kg6 44. Kd2 Kf5 45. Nd4+ Kf6 46. Nc2 Re8 47. a4 Rg8 48. Bg4 Ke5 49. Kc3 Rh8 50. Nd4 Rh1 51. Nf3+ Kf6 52. Kd3 Rb1 53. Kc3 Rf1 54. Kd3 Rf2 55. Ne1 Ra2 56. Nc2 Rb2 57. a5 Rb3+ 58. Ke2 Rc3 59. Ne1 Rc4 60. Nd3 Rc2+ 61. Kf3 Rd2 62. Ne1 Rf2+ 63. Ke4 Rb2 64. Kf3 Rxb4 65. Nd3 Ra4 66. Bc8 Ra3 67. Ke2 f3+ 68. gxf3 Rxd3 0-1

[Event "Yerevan Asrian Memorial 10th"]
[Site "Yerevan"]
[Date "2017.06.21"]
[Round "1"]
[White "Mousavi, Seyed Khalil"]
[Black "Manukyan, Aleks"]
[Result "1-0"]
[WhiteElo "2424"]
[BlackElo "1911"]
[PlyCount "55"]
[EventDate "2017.06.21"]
[EventType "swiss"]
[EventRounds "9"]
[EventCountry "ARM"]
[SourceTitle "EXT 2018"]
[Source "ChessBase"]
[SourceDate "2017.10.13"]
[SourceVersion "1"]
[SourceVersionDate "2017.10.13"]
[SourceQuality "1"]

1. c4 c5 2. Nc3 Nc6 3. Nf3 g6 4. e3 Nf6 5. d4 cxd4 6. exd4 d5 7. Be2 Bg7 8. 0-0 0-0 9. h3 dxc4 10. d5 Na5 11. Bf4 Bf5 12. Be5 b6 13. Qd4 Qd7 14. Rad1 Rfd8 15. Qh4 Rac8 16. Nd4 Bd3 17. Rfe1 Nxd5 18. Bg4 Qb7 19. Bxc8 Qxc8 20. Bxg7 Kxg7 21. Nxd5 Rxd5 22. Rxe7 Bf5 23. g4 Bc2 24. Rde1 g5 25. Qg3 Bg6 26. Ne6+ Kh6 27. Qc3 Qg8 28. Re8 1-0

[Event "Yerevan op 1st"]
[Site "Yerevan"]
[Date "2016.10.10"]
[Round "9"]
[White "Manukyan, Aleks"]
[Black "Hakobyan, Hakob V"]
[Result "1-0"]
[WhiteElo "2025"]
[BlackElo "1947"]
[PlyCount "87"]
[EventDate "2016.10.02"]
[EventType "swiss"]
[EventRounds "9"]
[EventCountry "ARM"]
[SourceTitle "EXT 2017"]
[Source "ChessBase"]
[SourceDate "2016.10.25"]
[SourceVersion "1"]
[SourceVersionDate "2016.10.25"]
[SourceQuality "1"]

1. d4 Nf6 2. c4 c5 3. d5 b5 4. cxb5 a6 5. bxa6 Bxa6 6. Nc3 g6 7. e4 Bxf1 8. Kxf1 d6 9. g3 Bg7 10. Kg2 0-0 11. Nf3 Nbd7 12. a4 Qa5 13. Bd2 Rfb8 14. Nb5 Qb6 15. Qc2 Ne8 16. Bc3 Nc7 17. Nxc7 Qxc7 18. Nd2 Qb7 19. Nc4 Qb3 20. Qxb3 Rxb3 21. Bxg7 Kxg7 22. a5 f5 23. exf5 gxf5 24. Rhe1 Kf7 25. Re3 Rb4 26. Rae1 Kf8 27. Rxe7 Ne5 28. Nxe5 Kxe7 29. Nc6+ Kf7 30. Nxb4 cxb4 31. Ra1 Ra6 32. f4 Ke7 33. Kf2 Kd7 34. Ke3 Kc7 35. Kd4 Kb7 36. Kc4 Ra8 37. Kxb4 Re8 38. a6+ Ka7 39. Ka5 Re2 40. b4 Rxh2 41. Re1 Rb2 42. Re7+ Kb8 43. a7+ Ka8 44. Ka6 1-0

[Event "Yerevan op 1st"]
[Site "Yerevan"]
[Date "2016.10.08"]
[Round "7"]
[White "Manukyan, Aleks"]
[Black "Grigoryan, Gor A"]
[Result "1-0"]
[WhiteElo "2025"]
[BlackElo "1800"]
[PlyCount "107"]
[EventDate "2016.10.02"]
[EventType "swiss"]
[EventRounds "9"]
[EventCountry "ARM"]
[SourceTitle "EXT 2017"]
[Source "ChessBase"]
[SourceDate "2016.10.25"]
[SourceVersion "1"]
[SourceVersionDate "2016.10.25"]
[SourceQuality "1"]

1. d4 Nf6 2. c4 c5 3. d5 b5 4. cxb5 a6 5. bxa6 g6 6. Nc3 d6 7. g3 Bg7 8. Bg2 0-0 9. Nf3 Nxa6 10. 0-0 Qb6 11. Nd2 Nc7 12. Qc2 Ba6 13. Rd1 Nd7 14. a4 Rfb8 15. Re1 Qa5 16. Ra3 c4 17. Nde4 Nxd5 18. Nxd5 Qxe1+ 19. Bf1 Qa5 20. Nxe7+ Kh8 21. Nc6 Qf5 22. Nxb8 Rxb8 23. Rf3 Qd5 24. Nc3 Qc6 25. Bf4 Qb6 26. Nb5 Bxb5 27. axb5 g5 28. Bxg5 Ne5 29. Rc3 Qxb5 30. Bf4 d5 31. b3 Rc8 32. e4 Nc6 33. bxc4 Qa5 34. Re3 Nd4 35. Qb1 dxc4 36. Bxc4 Qa7 37. Bd5 h6 38. Kg2 Rd8 39. Qb7 Qxb7 40. Bxb7 Rd7 41. Bd5 Ne6 42. Bxe6 fxe6 43. Ra3 Rd4 44. Kf3 e5 45. Be3 Rc4 46. Ra5 h5 47. Rc5 Ra4 48. Bd2 Ra6 49. Bc3 Re6 50. Ke3 h4 51. f4 hxg3 52. hxg3 exf4+ 53. gxf4 Bxc3 54. Rxc3 1-0

[Event "Yerevan op 1st"]
[Site "Yerevan"]
[Date "2016.10.06"]
[Round "5"]
[White "Manukyan, Aleks"]
[Black "Piliposyan, Robert"]
[Result "1/2-1/2"]
[WhiteElo "2025"]
[BlackElo "1758"]
[PlyCount "79"]
[EventDate "2016.10.02"]
[EventType "swiss"]
[EventRounds "9"]
[EventCountry "ARM"]
[SourceTitle "EXT 2017"]
[Source "ChessBase"]
[SourceDate "2016.10.25"]
[SourceVersion "1"]
[SourceVersionDate "2016.10.25"]
[SourceQuality "1"]

1. d4 Nf6 2. c4 e6 3. Nc3 Bb4 4. e3 c5 5. Nge2 cxd4 6. exd4 d5 7. a3 Be7 8. cxd5 Nxd5 9. Nxd5 exd5 10. Nf4 Nc6 11. Be2 Bf6 12. Be3 0-0 13. 0-0 Qd6 14. Nh5 Bf5 15. Qd2 Rfe8 16. Rac1 Be4 17. Bg4 Bd8 18. Ng3 Bc7 19. f4 Na5 20. Nxe4 Rxe4 21. Bf3 Nb3 22. Qc2 Rxe3 23. Qxc7 Qf6 24. Qxb7 Rae8 25. Rcd1 Nxd4 26. Bxd5 R3e7 27. Qb4 Nc2 28. Qb5 Ne3 29. Rfe1 a6 30. Qa4 Kf8 31. Qb4 Nxd1 32. Rxd1 Kg8 33. h3 h6 34. b3 Rc8 35. Bc4 Rcc7 36. Qd2 Qb6+ 37. Kh2 a5 38. a4 Qc5 39. Re1 Qb6 40. Re5 1/2-1/2

[Event "Yerevan op 1st"]
[Site "Yerevan"]
[Date "2016.10.05"]
[Round "4"]
[White "Gasparyan, Mher"]
[Black "Manukyan, Aleks"]
[Result "1-0"]
[WhiteElo "1894"]
[BlackElo "2025"]
[PlyCount "43"]
[EventDate "2016.10.02"]
[EventType "swiss"]
[EventRounds "9"]
[EventCountry "ARM"]
[SourceTitle "EXT 2017"]
[Source "ChessBase"]
[SourceDate "2016.10.25"]
[SourceVersion "1"]
[SourceVersionDate "2016.10.25"]
[SourceQuality "1"]

1. e4 e6 2. d4 d5 3. Nd2 Be7 4. c3 c5 5. dxc5 Nf6 6. e5 Nfd7 7. f4 0-0 8. Ngf3 a5 9. Bd3 Nxc5 10. Bc2 b6 11. Nb3 Ba6 12. Nbd4 g6 13. h4 h5 14. Ng5 Bxg5 15. hxg5 Ne4 16. g4 hxg4 17. Bxe4 dxe4 18. Qxg4 Kg7 19. Be3 Nd7 20. 0-0-0 Bd3 21. Rh7+ Kxh7 22. Qh4+ 1-0

[Event "Yerevan op 1st"]
[Site "Yerevan"]
[Date "2016.10.03"]
[Round "2"]
[White "Mkrtchyan, Levon"]
[Black "Manukyan, Aleks"]
[Result "1-0"]
[WhiteElo "1765"]
[BlackElo "2025"]
[PlyCount "83"]
[EventDate "2016.10.02"]
[EventType "swiss"]
[EventRounds "9"]
[EventCountry "ARM"]
[SourceTitle "EXT 2017"]
[Source "ChessBase"]
[SourceDate "2016.10.25"]
[SourceVersion "1"]
[SourceVersionDate "2016.10.25"]
[SourceQuality "1"]

1. d4 Nf6 2. Nf3 c5 3. c3 b6 4. Bf4 d6 5. e3 g6 6. Nbd2 Bb7 7. Bc4 Bg7 8. 0-0 0-0 9. h3 Nbd7 10. Rc1 a6 11. a4 Ra7 12. b4 Qa8 13. bxc5 bxc5 14. Qb3 e5 15. dxe5 dxe5 16. Bg3 Bc6 17. Rfd1 Nh5 18. Bh2 e4 19. Ne1 Be5 20. Nf1 Rb7 21. Qa2 Bxh2+ 22. Nxh2 Nb6 23. Bb3 c4 24. Bxc4 Bxa4 25. Rd4 Rc8 26. Be2 Bc6 27. Qxa6 Qb8 28. Bxh5 gxh5 29. Qa5 Nd7 30. Qxh5 Qe5 31. Qxe5 Nxe5 32. Ng4 Nxg4 33. hxg4 Rb3 34. g3 Bb5 35. c4 Bc6 36. Ng2 Rb2 37. Rcd1 Kg7 38. Nh4 Ba4 39. Nf5+ Kf6 40. Rd6+ Kg5 41. R1d5 Kxg4 42. Kg2 1-0

[Event "Yerevan op 1st"]
[Site "Yerevan"]
[Date "2016.10.02"]
[Round "1"]
[White "Manukyan, Aleks"]
[Black "Petrosian, Tigran L"]
[Result "0-1"]
[WhiteElo "2025"]
[BlackElo "2589"]
[PlyCount "140"]
[EventDate "2016.10.02"]
[EventType "swiss"]
[EventRounds "9"]
[EventCountry "ARM"]
[SourceTitle "EXT 2017"]
[Source "ChessBase"]
[SourceDate "2016.10.25"]
[SourceVersion "1"]
[SourceVersionDate "2016.10.25"]
[SourceQuality "1"]

1. d4 f5 2. c4 Nf6 3. g3 g6 4. Bg2 Bg7 5. Nc3 0-0 6. Nf3 d6 7. 0-0 c6 8. Re1 Ne4 9. Qc2 Nxc3 10. Qxc3 e5 11. Bg5 Qe8 12. dxe5 dxe5 13. e4 f4 14. Rad1 Nd7 15. Qa3 Rf7 16. gxf4 h6 17. Bh4 Rxf4 18. Bg3 Rf7 19. Qd6 Re7 20. Bh3 Nf8 21. Bxc8 Rxc8 22. Qa3 a6 23. Rd6 Qf7 24. c5 Rce8 25. Qb3 Ne6 26. Nxe5 Bxe5 27. Bxe5 Kh7 28. f4 Nxc5 29. Qxf7+ Rxf7 30. Kg2 g5 31. fxg5 hxg5 32. Bg3 Rxe4 33. Rxe4 Nxe4 34. Re6 Nf6 35. Re5 Kg6 36. h4 gxh4 37. Bxh4 Nd5 38. Rg5+ Kh6 39. Rg3 Kh5 40. Bg5 Rg7 41. Bd2 Rxg3+ 42. Kxg3 Kg6 43. Kf3 Kf5 44. Be1 Ke5 45. Ke2 Kd4 46. Kd2 Nb4 47. a3 Nd3 48. Bh4 Nc5 49. Kc2 Kc4 50. Bf6 Nb3 51. Bg7 c5 52. Kb1 a5 53. Ka2 a4 54. Kb1 Kd3 55. Bf8 Kd2 56. Bh6+ Kd1 57. Bf8 Nd2+ 58. Ka2 c4 59. Bg7 Kc2 60. Bf6 Nb3 61. Bg5 Nc1+ 62. Ka1 Nd3 63. Bf6 Kb3 64. Kb1 Nc5 65. Bd4 Ne4 66. Bh8 c3 67. bxc3 Nxc3+ 68. Ka1 Nb5 69. Bg7 Nxa3 70. Be5 Nc2+ 0-1

[Event "EU-ch U12 25th"]
[Site "Porec"]
[Date "2015.09.30"]
[Round "9"]
[White "Mis, Mieszko"]
[Black "Manukyan, Aleks"]
[Result "1-0"]
[WhiteElo "1997"]
[BlackElo "1801"]
[PlyCount "51"]
[EventDate "2015.09.21"]
[EventType "swiss"]
[EventRounds "9"]
[EventCountry "CRO"]
[SourceTitle "EXT 2016"]
[Source "ChessBase"]
[SourceDate "2015.10.08"]
[SourceVersion "1"]
[SourceVersionDate "2015.10.08"]
[SourceQuality "1"]

1. e4 e6 2. d4 d5 3. Nd2 Be7 4. Bd3 Nf6 5. e5 Nfd7 6. Ngf3 c5 7. c3 Nc6 8. 0-0 g5 9. Bb5 g4 10. Bxc6 bxc6 11. Ne1 Ba6 12. Qxg4 Bxf1 13. Nxf1 Qb6 14. Qg7 Rf8 15. Qxh7 0-0-0 16. Nf3 cxd4 17. cxd4 c5 18. b3 cxd4 19. Bh6 Rh8 20. Qg7 Bc5 21. Qxf7 Rdg8 22. Rc1 a5 23. Nxd4 Re8 24. Nf3 Kb8 25. Rc2 Re7 26. Qg6 1-0

[Event "EU-ch U12 25th"]
[Site "Porec"]
[Date "2015.09.29"]
[Round "8"]
[White "Manukyan, Aleks"]
[Black "Budisavljevic, Luka"]
[Result "1/2-1/2"]
[WhiteElo "1801"]
[BlackElo "2093"]
[PlyCount "66"]
[EventDate "2015.09.21"]
[EventType "swiss"]
[EventRounds "9"]
[EventCountry "CRO"]
[SourceTitle "EXT 2016"]
[Source "ChessBase"]
[SourceDate "2015.10.08"]
[SourceVersion "1"]
[SourceVersionDate "2015.10.08"]
[SourceQuality "1"]

1. d4 Nf6 2. c4 c5 3. d5 e6 4. Nc3 exd5 5. cxd5 d6 6. e4 g6 7. h3 Bg7 8. Nf3 0-0 9. Bd3 Nh5 10. 0-0 Nd7 11. Bg5 Bf6 12. Be3 a6 13. a4 Re8 14. Nd2 Ng7 15. f4 g5 16. Nc4 gxf4 17. Bxf4 Ne5 18. Nxe5 Bxe5 19. Bxe5 Rxe5 20. Qf3 Qe7 21. Nd1 f5 22. Nf2 fxe4 23. Bxe4 Bf5 24. Bxf5 Rxf5 25. Qg3 Raf8 26. Rfe1 Qf6 27. Ng4 Qd4+ 28. Kh1 Rxd5 29. Qb3 c4 30. Qxb7 Rh5 31. Re4 Qd3 32. Qe7 Nf5 33. Qe6+ Kg7 1/2-1/2

[Event "EU-ch U12 25th"]
[Site "Porec"]
[Date "2015.09.28"]
[Round "7"]
[White "Aydincelebi, Kagan"]
[Black "Manukyan, Aleks"]
[Result "1/2-1/2"]
[WhiteElo "2123"]
[BlackElo "1801"]
[PlyCount "92"]
[EventDate "2015.09.21"]
[EventType "swiss"]
[EventRounds "9"]
[EventCountry "CRO"]
[SourceTitle "EXT 2016"]
[Source "ChessBase"]
[SourceDate "2015.10.08"]
[SourceVersion "1"]
[SourceVersionDate "2015.10.08"]
[SourceQuality "1"]

1. e4 e6 2. d4 d5 3. Nc3 Bb4 4. e5 c5 5. dxc5 Nd7 6. Nf3 Ne7 7. Bd3 Nxc5 8. 0-0 Nxd3 9. Qxd3 0-0 10. a3 Ba5 11. Bg5 a6 12. Ne2 Qc7 13. Bxe7 Qxe7 14. Ned4 Bd7 15. c3 Rac8 16. Rad1 b5 17. h4 Bb6 18. h5 h6 19. g4 Bc7 20. Kg2 Rb8 21. Qe3 Bd8 22. Nh2 a5 23. f4 b4 24. axb4 axb4 25. f5 Qg5 26. Rf4 bxc3 27. bxc3 Rb2+ 28. Rd2 Rxd2+ 29. Qxd2 exf5 30. Ndf3 Qe7 31. gxf5 Re8 32. Qd4 Bc7 33. Qxd5 Bxe5 34. Re4 Qd6 35. Rxe5 Qxd5 36. Rxd5 Re2+ 37. Kf1 Bc6 38. Rd8+ Re8 39. Rxe8+ Bxe8 40. Ne5 Kf8 41. Kf2 Ke7 42. Ke3 f6 43. Ng6+ Kd6 44. Kd4 Bd7 45. Nh4 Bb5 46. Ng2 Be8 1/2-1/2

[Event "EU-ch U12 25th"]
[Site "Porec"]
[Date "2015.09.23"]
[Round "3"]
[White "Ingebretsen, Jens E"]
[Black "Manukyan, Aleks"]
[Result "1-0"]
[WhiteElo "1546"]
[BlackElo "1801"]
[PlyCount "63"]
[EventDate "2015.09.21"]
[EventType "swiss"]
[EventRounds "9"]
[EventCountry "CRO"]
[SourceTitle "EXT 2016"]
[Source "ChessBase"]
[SourceDate "2015.10.08"]
[SourceVersion "1"]
[SourceVersionDate "2015.10.08"]
[SourceQuality "1"]

1. e4 e6 2. d4 d5 3. Nd2 Be7 4. e5 c5 5. c3 Nc6 6. Ngf3 Qb6 7. Nb3 cxd4 8. cxd4 Bd7 9. Be2 a5 10. Be3 a4 11. Nc5 Bxc5 12. dxc5 Qc7 13. Bd4 Nxd4 14. Qxd4 Qa5+ 15. Nd2 Ne7 16. Rc1 Nc6 17. Qf4 0-0 18. Rc3 a3 19. Rg3 g6 20. Qh6 axb2 21. 0-0 Ne7 22. Rh3 Rfc8 23. Qxh7+ Kf8 24. Qh6+ Ke8 25. Qh8+ Ng8 26. Qxg8+ Ke7 27. Qg7 Rg8 28. Qf6+ Kf8 29. Rh7 Be8 30. Nb3 Qb4 31. Rh4 d4 32. Nxd4 1-0

[Event "EU-ch U12 25th"]
[Site "Porec"]
[Date "2015.09.22"]
[Round "2"]
[White "Manukyan, Aleks"]
[Black "Ognean, Mihnea Ionut"]
[Result "0-1"]
[WhiteElo "1801"]
[BlackElo "2164"]
[PlyCount "80"]
[EventDate "2015.09.21"]
[EventType "swiss"]
[EventRounds "9"]
[EventCountry "CRO"]
[SourceTitle "EXT 2016"]
[Source "ChessBase"]
[SourceDate "2015.10.08"]
[SourceVersion "1"]
[SourceVersionDate "2015.10.08"]
[SourceQuality "1"]

1. d4 Nf6 2. c4 g6 3. Nc3 Bg7 4. e4 d6 5. Nf3 0-0 6. Be2 c5 7. 0-0 cxd4 8. Nxd4 Nc6 9. Be3 Nxd4 10. Bxd4 a6 11. f3 Be6 12. a4 Qa5 13. Rb1 Rfc8 14. b3 Nd7 15. Nd5 Bxd5 16. exd5 Bxd4+ 17. Qxd4 Qb4 18. f4 Nf6 19. Rfd1 Rc5 20. Bf3 Rb8 21. Qe3 Rc7 22. Be2 Kg7 23. h3 Re8 24. Kh2 e6 25. dxe6 Rxe6 26. Qd3 d5 27. f5 Re5 28. fxg6 hxg6 29. Qg3 Rce7 30. Bd3 d4 31. Rf1 Nh5 32. Qh4 Qd6 33. Kg1 Re3 34. Rbd1 Ng3 35. Rf4 Rxd3 36. Rxd3 Ne2+ 37. Kh1 Nxf4 38. Rxd4 Qxd4 39. Qxe7 Qf2 40. Qxb7 Ne2 0-1